MARC

LEADER 00000nam0a2200000 4500
001 314230
005 20231102002645.0
020 |a RU  |b 82-55543 
035 |a (RuTPU)RU\TPU\book\339641 
090 |a 314230 
100 |a 20160210d1982 u a0rusy5003 ca 
101 0 |a rus 
102 |a RU 
105 |a a z 001zy 
200 1 |a Гравитационные аномалии и гранитоидный магматизм юга Дальнего Востока  |f Ю. А. Павлов, Э. Л. Рейнлиб 
210 |a Москва  |c Наука  |d 1982 
215 |a 87 с.  |c ил., 1 л. схем. 
320 |9 572  |a Библиогр.: с. 80-86 
606 1 |a Аномалии гравитационные  |x Геофизика  |2 stltpush  |3 (RuTPU)RU\TPU\subj\29115  |9 52515 
606 1 |a Гранитоиды  |x Происхождение  |2 stltpush  |3 (RuTPU)RU\TPU\subj\8547  |9 35939 
610 1 |a Дальний Восток СССР 
610 1 |a рудообразование 
610 1 |a изверженные породы 
610 1 |a геофизические данные 
610 1 |a тектогенез 
610 1 |a эндогенная активность 
610 1 |a рудная минерализация 
610 1 |a тектонические структуры 
610 1 |a строение 
675 |a 550.312  |z rus  |v 3 
675 |a 552.321.1/.3  |z rus  |v 3 
700 1 |a Павлов  |b Ю. А.  |g Юрий Анатольевич  |4 070 
701 1 |a Рейнлиб  |b Э. Л.  |g Эдуард Лазаревич  |4 070 
712 0 2 |a Академия наук СССР (АН СССР)  |b Сахалинский комплексный научно-исследовательский институт (СахКНИИ)  |c (Южно-Сахалинск)  |c (1955-1984)  |2 stltpush  |3 (RuTPU)RU\TPU\col\15708 
801 0 |a RU  |b RuMRKP  |c 19950704  |g psbo 
801 1 |a RU  |b 63413507  |c 20160210 
801 2 |a RU  |b 63413507  |c 20200720  |g RCR 
942 |c BK